Catálogo

La revolución inglesa : (Registro nro. 17048)

Detalles MARC
000 -LEADER
fixed length control field 01150cam a2200301 i 4500
001 - CONTROL NUMBER
control field 17048
003 - CONTROL NUMBER IDENTIFIER
control field Mx-PuUPA
005 - DATE AND TIME OF LATEST TRANSACTION
control field 20251022121127.0
008 - FIXED-LENGTH DATA ELEMENTS--GENERAL INFORMATION
fixed length control field 140415s1951 mx gr 000 0 spa d
040 ## - CATALOGING SOURCE
Original cataloging agency Mx-PuUPA
Language of cataloging spa
Transcribing agency Mx-PuUPA
Modifying agency Mx-PuUPA
Description conventions rda
041 1# - LANGUAGE CODE
Language code of text/sound track or separate title spa
Language code of original eng
100 1# - MAIN ENTRY--PERSONAL NAME
Personal name Trevelyan, G. Macaulay,
Relator term autor
240 14 - UNIFORM TITLE
Uniform title The english revolution, 1688-1689.
Language of a work Español
245 13 - TITLE STATEMENT
Title La revolución inglesa :
Remainder of title 1688-1689 /
Statement of responsibility, etc. G. Macaulay Trevelyan ; traducción de Florentino M. Torner
250 ## - EDITION STATEMENT
Edition statement Primera edición
264 #1 - PRODUCTION, PUBLICATION, DISTRIBUTION, MANUFACTURE, AND COPYRIGHT NOTICE
Place of production, publication, distribution, manufacture México, D.F. :
Name of producer, publisher, distributor, manufacturer Fondo de Cultura Económica,
Date of production, publication, distribution, manufacture, or copyright notice 1951
300 ## - PHYSICAL DESCRIPTION
Extent 192 páginas ;
Dimensions 18 cm
336 ## - CONTENT TYPE
Fuente rdacontent
Content type term texto
Content type code txt
337 ## - MEDIA TYPE
Source rdamedia
Media type term sin medio
Media type code n
338 ## - CARRIER TYPE
Source rdacarrier
Carrier type term volumen
Carrier type code nc
490 0# - SERIES STATEMENT
Series statement Breviarios del Fondo de Cultura Económica ;
Volume/sequential designation 43
651 #7 - SUBJECT ADDED ENTRY--GEOGRAPHIC NAME
Geographic name Gran Bretaña
General subdivision Historia
Chronological subdivision Revolución, 1688-1689
700 1# - ADDED ENTRY--PERSONAL NAME
Personal name Torner, Florentino M.,
Relator term traducción
765 0# - ORIGINAL LANGUAGE ENTRY
Main entry heading Trevelyan, G. Macaulay
Title The english revolution, 1688-1689.
Place, publisher, and date of publication Londres : Oxford University Press, 1938
942 ## - ADDED ENTRY ELEMENTS (KOHA)
Source of classification or shelving scheme Dewey Decimal Classification
Koha item type Libro
Classification part 942.06
Item part T78
Existencias
Withdrawn status Lost status Source of classification or shelving scheme Damaged status Not for loan Collection code Home library Current library Shelving location Date acquired Source of acquisition Total Checkouts Full call number Barcode Date last seen Price effective from Koha item type Date last checked out Copy number
    Dewey Decimal Classification     General Biblioteca Karol Wojtyla Biblioteca Karol Wojtyla Sala general 03/12/2013 Compra   942.06 T78 1951 003515 05/01/2026 03/12/2013 Libro    
    Dewey Decimal Classification     General Biblioteca Karol Wojtyla Biblioteca Karol Wojtyla Sala general 03/12/2013 Compra 1 942.06 T78 1951 38301 05/01/2026 03/12/2013 Libro 10/10/2022 Ej.2